| 000 | 00854nam a2200289 i 4500 | ||
|---|---|---|---|
| 005 | 20221129143746.0 | ||
| 008 | 221004c20229999my mr ||| 00| a0may d | ||
| 020 |
_a9772231924004 _cpaperback _qRM6.00 |
||
| 022 | _a2231-9247 | ||
| 040 |
_aPPAK _beng _cPPAK _erda |
||
| 041 | _amay | ||
| 082 | 0 | 4 |
_223 _a649.1 |
| 090 | 0 | 0 |
_a649.1 _bBAB _dG |
| 245 | 0 | 0 | _aBabyTalk |
| 264 | 1 |
_aKuala Lumpur : _bAcePremier.com Sdn Bhd , _c[2022] |
|
| 300 |
_avolume : _bcolour photograph ; _c30 cm. |
||
| 310 | _aMonthly | ||
| 336 |
_2rdacontent _atext _astill images |
||
| 337 |
_2rdamedia _aunmediated |
||
| 338 |
_2rdacarrier _avolume |
||
| 500 | _aBabyTalk SEPTEMBER 2022 | ||
| 650 | 2 | 0 |
_aChild rearing _vPeriodicals |
| 650 | 1 | 0 |
_aParenting _vPeriodicals |
| 650 | 2 | 0 |
_aParenting and child _vPeriodicals |
| 850 |
_aPPAK _8(SEPTEMBER 2022)- |
||
| 942 |
_2ddc _cSR |
||
| 999 |
_c189317 _d189317 |
||